Paroles - California Girl - Zola - Statistiques

Statistiques générales
  • Ce quiz a été pris 242 fois
  • Le résultat moyen est 270 sur 475
Statistiques - réponses
Paroles % Correct
de
91%
je
88%
la
86%
La
86%
dans
85%
des
85%
il
84%
à
83%
a
83%
bas
83%
ça
83%
Ca
83%
le
83%
Le
83%
dehors
82%
Baby
81%
vraiment
81%
trucs
80%
L1
79%
L2
79%
du
78%
sa
78%
droite
77%
gauche
77%
et
76%
chic
75%
haut
74%
s'passe
74%
ma
73%
son
73%
California
72%
R1
70%
sac
70%
d'une
69%
mon
69%
R2
69%
J'sors
67%
trop
67%
paie
66%
soir
66%
cette
65%
chica
65%
deux
65%
tout
65%
veille
65%
5
64%
Elle
64%
fessier
64%
j'me
64%
qu'à
64%
zombifie
64%
baiser
63%
choquants
63%
mêlée
63%
sur
63%
Taxi
63%
te
63%
j'laisse
62%
j'repense
62%
sacoche
62%
est
61%
flamme
61%
profiter
61%
mes
60%
Si
60%
en
59%
j'croque
59%
J'pense
59%
j'pense
59%
mais
59%
retour
59%
creuse
58%
J'étais
58%
phares
58%
pleins
58%
T'es
57%
t'es
57%
die
56%
j'rallume
56%
J'rallume
56%
meuf
56%
m'trouve
56%
ses
56%
Gucci
55%
J'suis
55%
paye
55%
thorax
55%
les
54%
accessoires
53%
d'toute
53%
grossier
53%
jogging
51%
tous
51%
Tous
51%
bastos
50%
chicots
49%
mule
48%
pas
48%
bijoux
47%
J'fume
47%
quand
47%
J'rentre
44%
baskets
43%
Crime
43%
crime
43%
parents
41%
bête
39%
femme
39%
sleep
39%
Kore
38%
Phantom
38%
Rolls
38%
Royce
37%
faciès
36%
tu
36%
graille
35%
prends
35%
ville
34%
lit
33%
contrôle
30%
j'enfume
30%
pièce
30%
cache
29%
jours
28%
'tasse
28%
faut
27%
pitié
27%
rime
27%
Sans
27%
au
26%
c'est
26%
boy
24%
Eh
24%
Kush
24%
pour
24%
pousse
24%
sais
24%
bitch
23%
met
23%
qu'tu
23%
brillent
22%
han
22%
maman
22%
mecs
22%
qu'on
22%
comme
21%
froid
21%
caisse
20%
j'vois
20%
j'peux
19%
larme
19%
l'oeil
19%
Trap
19%
came
18%
cuisses
18%
butes
16%
entre
16%
crew
15%
donc
15%
index
15%
sous
14%
perdre
13%
casse
12%
dèche
12%
diamant
12%
j'viens
12%
Murder
12%
prendre
12%
légalisent
11%
cash
10%
s'ils
10%
fessiers
9%
j'les
9%
calme
7%
prises
3%
Aucun quiz correspondant
Distribution des résultats
% des personnes avec chaque résultat
Percentile par nombre de réponses
Votre historique - résultats
Vous n’avez pas pris ce quiz